Diccionario biográfico americano. Este volumen contiene los nombres, con los datos biográficos i enumeración de las obras de todas las personas que se han ilustrado en las letras, las armas, las ciencias, las artes, en el continente americano. Por José Domingo Cortés. Adicto a la Legación de Chile en Bélgica. Caballero de la Orden de la Rosa, del Brasil. Ex Director Jeneral de las Bibliotecas Públicas de Bolivia. Miembro Corresponsal de la Exposición Internacional de Chile en Francia (filete)

محفوظ في:
التفاصيل البيبلوغرافية
المؤلف الرئيسي: Cortés, José Domingo (مؤلف)
التنسيق: كتاب
اللغة:الإسبانية
منشور في: París Tipografía Lahure, calle de Fleurus, 9 1875
الطبعة:1a. ed
الموضوعات:
الوسوم: إضافة وسم
لا توجد وسوم, كن أول من يضع وسما على هذه التسجيلة!

MARC

LEADER 00000nam a2200000 a 4500
001 UCJ4493
003 CL-VaPUC
008 070124e18750700FR |||||||||||||||||spa|d
082 0 4 |a 920  |b COR  |2 21 
100 0 |a Cortés, José Domingo  |e author  |9 508342 
245 1 0 |a Diccionario biográfico americano. Este volumen contiene los nombres, con los datos biográficos i enumeración de las obras de todas las personas que se han ilustrado en las letras, las armas, las ciencias, las artes, en el continente americano. Por José Domingo Cortés. Adicto a la Legación de Chile en Bélgica. Caballero de la Orden de la Rosa, del Brasil. Ex Director Jeneral de las Bibliotecas Públicas de Bolivia. Miembro Corresponsal de la Exposición Internacional de Chile en Francia (filete) 
250 |a 1a. ed 
300 |a 552 p 
942 |c BK 
945 |d 20070124 00:00:00  |a rinostro 
260 |a París  |b Tipografía Lahure, calle de Fleurus, 9  |c 1875 
500 |a Gran 8§.- pasta.- Anteport.- v.: Obras del mismo autor.- Front.. retrato de Don Diego Portales, grabado.- Port.- v. en b.- Dedicatoria: A los pueblos americanos.- Colofón 
600 0 |a Portales y Palazuelos, Diego,  |d 1793-1837  |9 255516 
650 7 |a BIOGRAFIA  |2 CL-VaPUC  |9 504622 
650 0 |a Iconografía   |9 267998 
650 7 |a DICCIONARIO  |2 CL-VaPUC  |9 508343 
650 0 |a Escritores  |9 313723 
650 0 |a Científicos   |9 262025 
650 0 |a Artistas   |9 262026 
650 0 |a Políticos   |9 256302 
650 0 |a Militares   |9 336881 
583 |a last modification  |c 20070124 00:00:00  |k Rodrigo Vera 
999 |c 320609  |d 320607 
952 |0 0  |1 0  |4 0  |6 920_000000000000000_COR_1875  |7 0  |8 X  |9 399159  |a FDOBUD  |b FDOBUD  |d 2019-11-22  |i 1020048  |o 920 COR 1875  |p 1020048  |r 2019-11-22  |w 2019-11-22  |y BK_X  |k BUD